Construction des laboratoires de recherche industriels /

Guardado en:
Autor Principal: Féral, Xavier.
Otros Autores: Phidias, Henri., Renaudie, Marcel.
Formato: Libro
Idioma:French
Publicado: Paris : Eyrolles-Gauthier-Villars, 1959.
Series:A.N.R.T. Rapport des travaux de la commission, 23
Etiquetas: Agregar Etiqueta
Sin Etiquetas, Sea el primero en etiquetar este registro!
LEADER 00638nam a22001815a 4500
001 EUN.um031021
003 AR-BaUNS
005 20050623122906.0
008 041125s1959####fr#a##########000#0#fre#d
245 1 0 |a Construction des laboratoires de recherche industriels /  |c Xavier Féral, Henri Phidias, Marcel Renaudie. 
260 |a Paris :  |b Eyrolles-Gauthier-Villars,  |c 1959. 
300 |a 59 p. :  |b ilus. ;  |c 24,5 cm. . 
490 0 |a A.N.R.T. Rapport des travaux de la commission, 23 
100 1 |a Féral, Xavier. 
700 1 |a Phidias, Henri. 
700 1 |a Renaudie, Marcel. 
082 0 4 |a 607.2 
859 |a Ar-BaUNS  |b BIB. CENTRAL - Sector C  |h 607.2  |i F37  |p 69351/974